Best Soccer Players 2023 (According to Four-Four-Two) - Statistics

General Stats
  • This quiz has been taken 119 times
  • The average score is 20 of 50
Answer Stats
Hint Answer % Correct
Manchester City Erling Haaland
97%
PSG Kylian Mbappe
92%
Bayern Munich Harry Kane
88%
Inter Miami Lionel Messi
88%
Manchester City Kevin de Bruyne
86%
Liverpool Mohamed Salah
84%
Real Madrid Jude Bellingham
72%
Atletico Madrid Antoine Griezmann
71%
Arsenal Bukayo Saka
67%
Manchester City Rodri
67%
Manchester City Bernardo Silva
58%
Manchester City Ruben Dias
58%
Barcelona Pedri
57%
Liverpool Virgil van Dijk
57%
Manchester City Ederson
54%
Napoli Osimhen
51%
Real Madrid Vinicius Jr
51%
AC Milan Rafael Leao
49%
Bayern Munich Kim Min Jae
47%
Liverpool Alisson
46%
Arsenal Martin Odegaard
46%
Real Madrid Luka Modric
42%
Bayern Munich Jamal Musiala
41%
Bayern Munich Joshua Kimmich
38%
Inter Milan Lautaro Martinez
38%
Arsenal William Saliba
38%
Aston Villa Emiliano Martinez
37%
Manchester City Kyle Walker
36%
Barcelona Marc-Andre Ter Stegen
34%
Barcelona Frenkie De Jong
33%
Bayern Munich Leroy Sane
33%
Manchester City John Stones
32%
Newcastle Bruno Guimaraes
28%
Liverpool Trent Alexander-Arnold
26%
Arsenal Declan Rice
25%
Barcelona Ilkay Gundogan
20%
Manchester City Julian Alvarez
18%
Brighton Kaoru Mitoma
18%
Newcastle Kieran Trippier
17%
RB Leipzig Xavi Simons
17%
Tottenham Hotspur Heung-Min Son
14%
Tottenham Hotspur James Maddison
14%
Real Madrid Eduardo Camavinga
12%
Napoli Kvicha Kvaratskhelia
3%
AC Milan Michael Maignan
3%
PSG Randall Kolo Muani
3%
Real Sociedad Takefusa Kubo
3%
PSG Warren Zaire Emery
3%
Barcelona Robert Lewandoowski
1%
Barcelona Alex Balde
0%
No matching quizzes found
Score Distribution
Percent of People with Each Score
Percentile by Number Answered
Your Score History
You have not taken this quiz